000 00417pab a2200157 454500
008 180718b2015 xxu||||| |||| 00| 0 eng d
100 _aDas, Kalyan
245 _aTo eat or not to eat beef: spectres of food on Bengal's politics of identity
260 _c2015
300 _ap.105-114.
362 _a31 Oct
650 _aBeef
650 _aLivestock
773 _aEconomic and Political Weekly
909 _a109687
999 _c109682
_d109682